000 006140000a22002050004500
001 32147
010 _a978-972-21-2132-3
100 _a20110601d2010 m y0pory5003 ba
101 0 _apor
102 _aPT
200 1 _aCântico da terra e dos homens
_fJoão Melo
_gposf. de Inocêncio Mata
210 _aAlfragide
_cCaminho
_d2010
215 _a74 p
225 2 _aOutras margens
675 _a821.134.3(673)-1
_vBN
_zpor
700 1 _aMelo
_bJoão
_f1955-
702 1 _930572
_4075
_aMata
_bInocêncio
090 _a32147
942 _cMON
_n0
999 _a32147